000
00313nam a22001337a 4500
020
_a
0-7497-1909-5
082
_a
823
_b
BLY/T
100
_a
ENID BLYRON
245
_a
THE TWINS AT ST.CLARE'S
260
_a
GREAT BRITAIN
_b
EGMONT
_c
1941
300
_a
182
650
_a
CHILDREN'S STORY BOOK
_z
UNITED KINGDOM
942
_c
BK
999
_c
137
_d
137